Irwin Shaw.../inc./

Bibliographic Details
Format: Article
Language:Slovak
Subjects:

MARC

LEADER 00000nab a2200000 a 4500
001 vtls000021168
003 SK-MaSNL
005 20260304073005.0
008 250423c1978 xo 0 slo
015 |a SNBRB19rr/mm-uuuuu 
035 |a CL0031262 
035 |a urn:nbn:sk:snk-abb7i6 
035 |a (urnnbn)urn:nbn:sk:snk:ar-0048ab 
035 |a (uuid)8d316eae-4af8-4380-b456-462c3077f268 
040 |a SNKBUCL  |b slo  |c SNKBUCL  |e AACR2 
041 0 |a slo 
044 |a xo  |c SK 
080 |a 82(091):820 (73)"19":92  |2 1981 
080 |a 820 (73)"19"  |2 1981 
080 |a 820 (73)(091)"19"  |2 1981 
080 |a 92 Shaw, Irwin  |2 1981 
245 0 0 |a Irwin Shaw.../inc./ 
600 1 7 |a Shaw, Irwin,  |d 1913-1984  |2 snkbucl  |9 108240 
655 7 |a články z novín a časopisov  |2 snkbucl  |9 267496 
655 7 |a články z odboru literárna veda a krásna literatúra  |2 snkbucl  |9 770045 
773 0 |t Revue svetovej literatúry  |g Roč. 14, č. 7 (1978), s. 16-17 
850 |a Slovenská národná knižnica 
852 |a Slovenská národná knižnica 
958 |a article15 
958 |a RK 
958 |a LX 
958 |a OND 
958 |a EUIPO 
999 |c 2768921  |d 2770851